| 000 | 00674nam a2200193 u 4500 | ||
|---|---|---|---|
| 005 | 20210223132532.0 | ||
| 008 | 150212s2008 r 000 0 eng d | ||
| 035 | _aUPN01000201709 | ||
| 049 | _aI | ||
| 050 | 4 |
_aTL147 _bC3.3 |
|
| 100 | 1 |
_aCaballero Leal, Laura Patricia _933109 |
|
| 245 | 1 | 1 |
_a¡Calentando motores! : _bcoches, autobuses y camiones / _cLaura Patricia Caballero Leal ; il. de Hilda M. Caballero Leal. |
| 260 |
_aMéxico : _bConstantine, _c2008. |
||
| 300 |
_a56 p. : _bil. col. |
||
| 650 | 4 |
_aAUTOMOVILES - _vLITERATURA INFANTIL _921474 |
|
| 650 | 4 |
_aAUTOBUSES - _vLITERATURA INFANTIL _911002 |
|
| 700 | 1 |
_aCaballero Leal, Hilda M., _eil. |
|
| 905 | _aInfantil | ||
| 999 |
_c173810 _d173810 |
||